Statistics for War by Picture

Click here to take the quiz!

General Stats

  • This quiz has been taken 59 times
  • The average score is 12 of 18

Answer Stats

Answer% Correct
World War I
94%
World War II
94%
Crusades
83%
French Revolution
83%
Napoleonic Wars
83%
Trojan War
83%
Cold War
81%
Hundred Years War
73%
Korean War
73%
American Revolution
69%
American Civil War
62%
Second Punic War
60%
Spanish Civil War
56%
Spanish-American War
48%
Thirty Years War
37%
Texas Revolution
29%
English Civil War
27%
Wars of the Roses
23%

Score Distribution

Percentile by Number Answered

Percent of People with Each Score

Your Score History

You have not taken this quiz